TV Titles by Antonyms Quiz Stats

 Plays Quiz Updated Jan 26, 2015

Score 0/22 Timer 06:00
0 Plays Today
Antonymn Title % Correct
FoundLost
94.6%
The Smallest WinnerThe Biggest Loser
92.9%
How I Don't Know Your FatherHow I Met Your Mother
92.3%
4224
91.7%
VillainsHeroes
88.6%
Heaven's BathroomHell's Kitchen
86.7%
It's Never Dark in PittsburghIt's Always Sunny in Philadelphia
76.2%
ClothSteve CircleShortsSpongeBob SquarePants
73.6%
LargecitySmallville
73.5%
The Early Show Without Goliath NumberwomanThe Late Show with David Letterman
72.9%
Tell me the TruthLie to Me
72.7%
Antonymn Title % Correct
Monday Morning Previously RecordedSaturday Night Live
69.9%
China's Previous Bottom Ugly PersonAmerica's Next Top Model
65.2%
Amused to LifeBored to Death
56.5%
The Small Pop CertaintyThe Big Bang Theory
47.8%
So I Know I Can't Stay StillSo You Think You Can Dance
47%
FloridabstinenceCalifornication
44.1%
Medieval Collection of Unrelated PeopleModern Family
38.5%
Ugly Large Honest PeoplePretty Little Liars
33.2%
The Terrible HusbandThe Good Wife
32.8%
Exaggerate My ApathyCurb Your Enthusiasm
29.6%
Poppy Seed SidewalkSesame Street
25.4%

You're not logged in!

Compare scores with friends on all Sporcle quizzes.
OR
Log In

Sporcle TV

Today on Sporcle TV


Watch our educational content, quiz creation guides, and fun videos on Sporcle TV.

Show Comments

Extras

Top Quizzes Today


Score Distribution

Your Account Isn't Verified!

In order to create a playlist on Sporcle, you need to verify the email address you used during registration. Go to your Sporcle Settings to finish the process.

Report this User

Report this user for behavior that violates our Community Guidelines.

Details: